01530cam a22003491 4500001001300000003000400013005001700017008004100034010001700075035001900092040005000111042001200161043001200173050002200185082001100207100003400218245010500252260002100357300004900378490010500427500003000532502004400562505026400606650003900870650003800909650001900947700003300966700003200999810006301031810006901094999001701163gs 49000104 DLC20260227111355.0770316s1947 miuab s000 0 eng c ags 49000104  a(OCoLC)2808659 aU.S. Geol. Survey Libr.cMiRochOUdOCoLCdDLC apremarc an-us-mi00aQE125b.A4 no. 38 a557.741 aSmith, Richard A,d1876-eed.10aOccasional papers for 1946 on the geology of Michigan.cPrepared under the direction of R. A. Smith. a[Lansing,c1947] a82, 70 p.billus., maps (part fold.)c24 cm.1 aMichigan. Dept. of Conservation. Geological Survey Division. Publication 45, Geological series 38 aEach pt. has special t.p. aThe authors theses - Univ. of Michigan.0 aThe post-glacial geology of the Marais Embaymennt, Berrien County, Michigan, by G. C. Tague. References (p. 80) -- The glacial and post-glacial history of the Platte and Crystal Lake depressions, Benzie County, Michigan, b. J. L. Calver. Bibliography: p. 68. 0aGeologyzMichiganzBerrien County. 0aGeologyzMichiganzBenzie County. 0aGlacial epoch.12aTague, Glenn Charles,d1905-12aCalver, James Lewis,d1913-1 aMichigan.bGeological Survey Division.tPublication ;v45.1 aMichigan.bGeological Survey Division.tGeological series ;v38. c28355d28355